Central Library OPAC University of Rajshahi

The Portuguese contribution to Bengali prose, grammar and lexicography / (Record no. 8107)

MARC details
000 -LEADER
fixed length control field 00933nam a2200265 i 4500
001 - CONTROL NUMBER
control field 8107
003 - CONTROL NUMBER IDENTIFIER
rucl marc code BD-RjUL
005 - DATE AND TIME OF LATEST TRANSACTION
control field 20211208234526.0
008 - FIXED-LENGTH DATA ELEMENTS--GENERAL INFORMATION
fixed length control field 140116s1976 bg fh b 001 0 eng
035 ## - SYSTEM CONTROL NUMBER
System control number (BD-RjUL)8152
040 ## - CATALOGING SOURCE
Original cataloging agency DLC
Transcribing agency DLC
Modifying agency BD-RjUL
Language of cataloging eng
041 ## - LANGUAGE CODE
Language code of text/sound track or separate title eng
082 00 - DEWEY DECIMAL CLASSIFICATION NUMBER
Classification number 491.445
Author mark and year KHP 1976
Edition number 23
100 1# - MAIN ENTRY--PERSONAL NAME
Personal name Khondkar, Abdur Rahim.
9 (RLIN) 25274
245 14 - TITLE STATEMENT
Title The Portuguese contribution to Bengali prose, grammar and lexicography /
Statement of responsibility, etc. by Abdur Rahim Khondkar.
260 ## - PUBLICATION, DISTRIBUTION, ETC. (IMPRINT)
Place of publication, distribution, etc. Dacca :
Name of publisher, distributor, etc. Bangla Academy,
Date of publication, distribution, etc. 1976.
300 ## - PHYSICAL DESCRIPTION
Pagination xiv, 292 p. :
Illustrations ill. ;
Size 22 cm.
500 ## - GENERAL NOTE
General note Originally presented as the author's thesis, University of London.
504 ## - BIBLIOGRAPHY, ETC. NOTE
Bibliography, etc Bibliography: p. 283-292. and index
650 #0 - SUBJECT ADDED ENTRY--TOPICAL TERM
Topical term or geographic name as entry element Bengali language
General subdivision Grammar
-- History.
9 (RLIN) 25275
Topical term or geographic name as entry element Bengali language
General subdivision Lexicography
-- History.
9 (RLIN) 25276
Topical term or geographic name as entry element Bengali language
General subdivision Study and teaching
Geographic subdivision Portugal.
9 (RLIN) 25277
942 ## - ADDED ENTRY ELEMENTS (KOHA)
Source of classification or shelving scheme Dewey Decimal Classification
Koha item type Books
Holdings
Lost status Source of classification or shelving scheme Damaged status Not for loan Collection code Permanent Location Current Location Shelving location Date acquired Source of acquisition Cost, normal purchase price Total Checkouts Full call number Date last seen Copy number Koha item type
  Dewey Decimal Classification     Non-fiction Central Library, University of Rajshahi Central Library, University of Rajshahi   28/09/1978 Bangl Academy 40.00   491.445 KHP 1976 16/01/2014 C-8 Books
  Dewey Decimal Classification     Non-fiction Central Library, University of Rajshahi Central Library, University of Rajshahi   28/09/1978 Bangla Academy 40.00   491.445 KHP 1976 24/08/2016 C-2 Books
  Dewey Decimal Classification     Non-fiction Central Library, University of Rajshahi Central Library, University of Rajshahi   28/09/1978 Bangla Academy 40.00   491.445 KHP 1976 24/08/2016 C-3 Books
  Dewey Decimal Classification     Non-fiction Central Library, University of Rajshahi Central Library, University of Rajshahi   28/09/1978 Bangla Academy 40.00   491.445 KHP 1976 24/08/2016 C-4 Books
  Dewey Decimal Classification     Non-fiction Central Library, University of Rajshahi Central Library, University of Rajshahi   28/09/1978 Bangla Academy 40.00   491.445 KHP 1976 24/08/2016 C-5 Books
  Dewey Decimal Classification     Non-fiction Central Library, University of Rajshahi Central Library, University of Rajshahi   28/09/1978 Bangla Academy 40.00   491.445 KHP 1976 24/08/2016 C-6 Books
  Dewey Decimal Classification     Non-fiction Central Library, University of Rajshahi Central Library, University of Rajshahi   28/09/1978 Bangla Academy 40.00   491.445 KHP 1976 24/08/2016 C-7 Books
  Dewey Decimal Classification     Non-fiction Central Library, University of Rajshahi Central Library, University of Rajshahi   28/09/1978 Bangla Academy 40.00   491.445 KHP 1976 24/08/2016 C-9 Books
  Dewey Decimal Classification     Non-fiction Central Library, University of Rajshahi Central Library, University of Rajshahi   28/09/1978 Bangla Academy 40.00   491.445 KHP 1976 24/08/2016 C-10 Books
  Dewey Decimal Classification   Not For Loan Non-fiction Central Library, University of Rajshahi Central Library, University of Rajshahi Reading Room 28/09/1978 Bangla Academy 40.00   491.445 KHP 1976 24/08/2016 C-1 Books